<?xml version="1.0" encoding="UTF-8"?><?xml-stylesheet type="text/xsl" href="static/style.xsl"?><OAI-PMH xmlns="http://www.openarchives.org/OAI/2.0/" xmlns:xsi="http://www.w3.org/2001/XMLSchema-instance" xsi:schemaLocation="http://www.openarchives.org/OAI/2.0/ http://www.openarchives.org/OAI/2.0/OAI-PMH.xsd"><responseDate>2026-04-18T06:18:21Z</responseDate><request verb="GetRecord" identifier="oai:www.recercat.cat:20.500.12327/3350" metadataPrefix="marc">https://recercat.cat/oai/request</request><GetRecord><record><header><identifier>oai:recercat.cat:20.500.12327/3350</identifier><datestamp>2025-10-22T11:28:10Z</datestamp><setSpec>com_2072_4428</setSpec><setSpec>com_2072_4427</setSpec><setSpec>col_2072_487898</setSpec></header><metadata><record xmlns="http://www.loc.gov/MARC21/slim" xmlns:dcterms="http://purl.org/dc/terms/" xmlns:xsi="http://www.w3.org/2001/XMLSchema-instance" xmlns:doc="http://www.lyncode.com/xoai" xsi:schemaLocation="http://www.loc.gov/MARC21/slim http://www.loc.gov/standards/marcxml/schema/MARC21slim.xsd">
   <leader>00925njm 22002777a 4500</leader>
   <datafield ind2=" " ind1=" " tag="042">
      <subfield code="a">dc</subfield>
   </datafield>
   <datafield ind2=" " ind1=" " tag="720">
      <subfield code="a">Mustapa, Muhammad Adzran Che</subfield>
      <subfield code="e">author</subfield>
   </datafield>
   <datafield ind2=" " ind1=" " tag="720">
      <subfield code="a">Kallas, Zein</subfield>
      <subfield code="e">author</subfield>
   </datafield>
   <datafield ind2=" " ind1=" " tag="720">
      <subfield code="a">Silande, Charles</subfield>
      <subfield code="e">author</subfield>
   </datafield>
   <datafield ind2=" " ind1=" " tag="720">
      <subfield code="a">Gagnaire, Valérie</subfield>
      <subfield code="e">author</subfield>
   </datafield>
   <datafield ind2=" " ind1=" " tag="720">
      <subfield code="a">Jan, Gwénaël</subfield>
      <subfield code="e">author</subfield>
   </datafield>
   <datafield ind2=" " ind1=" " tag="720">
      <subfield code="a">López-Mas, Laura</subfield>
      <subfield code="e">author</subfield>
   </datafield>
   <datafield ind2=" " ind1=" " tag="720">
      <subfield code="a">Aguiló, Ingrid</subfield>
      <subfield code="e">author</subfield>
   </datafield>
   <datafield ind2=" " ind1=" " tag="260">
      <subfield code="c">2024-05-06</subfield>
   </datafield>
   <datafield ind2=" " ind1=" " tag="520">
      <subfield code="a">Although suggestions to shift towards plant-based diets have been proposed, and consumers have indicated their&#xd;
willingness to reduce meat consumption, there is a scarcity of research exploring consumers’ attitudes and intentions regarding plant-based products. Therefore, this study analyses consumers’ hedonic sensory acceptance&#xd;
and its impact on the attitudes and predictors associated with purchasing intentions with regard to various plantbased products. Data were collected from 132 consumers using a validated questionnaire designed on the&#xd;
Qualtrics platform. Statistical package for the social sciences software was used to analyze the descriptive statistics relating to consumers’ attitudes towards plant-based products, and partial least squares structural equation&#xd;
modeling was employed to identify the factors influencing their purchasing intentions. The results showed that&#xd;
consumers have tended to adopt moderate attitudes towards plant-based products. They rated their perceived&#xd;
behavioral control, subjective norms, and perceptions of the sensory characteristics of these products as high.&#xd;
However, they also reported only a moderate level of satisfaction after tasting the product. The results of the&#xd;
structural equation modelling analysis demonstrated that four factors significantly influenced consumers’ intentions to purchase plant-based products: perceived behavioral control, sensory perceptions, attitude, and&#xd;
informed tasting. This study contributes to existing knowledge and provides empirical support for explaining the&#xd;
factors influencing Spanish consumers’ decisions to purchase plant-based products. These findings have promising implications for the future sales of plant-based food products in Spain and other European countries.</subfield>
   </datafield>
   <datafield ind1="8" ind2=" " tag="024">
      <subfield code="a">Muhammad, Adzran Che Mustapa, Zein Kallas, Charles Silande, Valérie Gagnaire, Gwénaël Jan, Laura López-Mas, and Ingrid Aguiló-Aguayo. 2024. “From Taste to Purchase: Understanding the Influence of Sensory Perceptions and Informed Tasting on Plant-Based Product Purchases - an Extension of the Theory of Planned Behavior.” Journal of Agriculture and Food Research 16: 101188–88. https://doi.org/10.1016/j.jafr.2024.101188.</subfield>
   </datafield>
   <datafield ind1="8" ind2=" " tag="024">
      <subfield code="a">2666-1543</subfield>
   </datafield>
   <datafield ind1="8" ind2=" " tag="024">
      <subfield code="a">http://hdl.handle.net/20.500.12327/3350</subfield>
   </datafield>
   <datafield ind1="8" ind2=" " tag="024">
      <subfield code="a">https://doi.org/10.1016/j.jafr.2024.101188</subfield>
   </datafield>
   <datafield ind2="0" ind1="0" tag="245">
      <subfield code="a">From taste to purchase: Understanding the influence of sensory perceptions and informed tasting on plant-based product purchases - An extension of the theory of planned behavior</subfield>
   </datafield>
</record></metadata></record></GetRecord></OAI-PMH>